MLB Baseball Wins Leader by Franchise - Statistics

General Stats
  • This quiz has been taken 165 times
  • The average score is 13 of 30
Answer Stats
Team Answer Wins % Correct
Arizona Diamondbacks Randy Johnson 118
99%
Minnesota Twins Walter Johnson 417
98%
Boston Red Sox Roger Clemens/Cy Young 192
88%
Baltimore Orioles Jim Palmer 268
83%
New York Mets Tom Seaver 198
76%
Atlanta Braves Warren Spahn 356
76%
St. Louis Cardinals Bob Gibson 251
69%
Philadelphia Phillies Steve Carlton 241
67%
New York Yankees Whitey Ford 236
67%
Cleveland Indians Bob Feller 266
65%
San Francisco Giants Christy Mathewson 372
64%
Seattle Mariners Felix Hernandez 169
58%
Los Angeles Dodgers Don Sutton 233
56%
Toronto Blue Jays Dave Stieb 175
52%
Houston Astros Joe Niekro 144
33%
Washington Nationals Steve Rogers 158
30%
Oakland Athletics Eddie Plank 284
28%
Los Angeles Angels Chuck Finley 165
26%
Chicago White Sox Ted Lyons 260
26%
Tampa Bay Rays James Shields 87
24%
Kansas City Royals Paul Splittorff 166
19%
Texas Rangers Charlie Hough 139
18%
Colorado Rockies Jorge De La Rosa 86
15%
Miami Marlins Ricky Nolasco 81
12%
San Diego Padres Eric Show 100
11%
Chicago Cubs Charlie Root 201
10%
Cincinnati Reds Eppa Rixey 179
9%
Milwaukee Brewers Jim Slaton 117
9%
Detroit Tigers Hooks Dauss 223
6%
Pittsburgh Pirates Wilbur Cooper 202
6%
No matching quizzes found
Score Distribution
Percent of People with Each Score
Percentile by Number Answered
Your Score History
You have not taken this quiz